| 000 | 00455nam a2200181Ia 4500 | ||
|---|---|---|---|
| 005 | 20240823060607.0 | ||
| 008 | 240823s9999||||xx |||||||||||||| ||und|| | ||
| 041 | _aENGLISH | ||
| 082 | _A621.3192 Q5 | ||
| 100 | _a"Hayt,William H" | ||
| 245 | 0 | _aEngineering Circuit Analysis | |
| 250 | _a8th | ||
| 260 |
_c2015 _bMcGraw Hill Education Private Li |
||
| 500 | _aTRANSFERED | ||
| 650 |
_aCircuit Analysis _bElectrical |
||
| 942 | _cBK | ||
| 999 |
_c231509 _d231509 |
||